000 02067nam2a2200277 i 4500
001 RU\NLR\BIBL_A\010516586
005 20241225192152.0
021 _aRU
_b2014-63092
_93841
035 _a(NLR Aleph) 010516586
090 _a10197877
_c10197877
100 _a20141029d2014 um y0rusy50 ca
101 0 _arus
102 _aRU
105 _ay|||g|||000yy
200 1 _aСоя
_eисходный материал для селекции в южных регионах Российской Федерации.
_fРос. акад. с.х. наук, Гос. науч. учреждение Всерос НИИ растениеводства им. Н.И. Вавилова, Рос. акад. с.х. наук (ГНУ ВИР Россельхозакадемии)
_g[сост.: к.с.-х.н. А.И. Бойко и др.
_gпод ред.: д.б.н. М.А. Вишняковой]
210 _aСанкт-Петербург
_cсектор редакционно-издательской деятельности ВИР.
_d2014
215 _a36, [1] с.
461 1 _1001rc\4746805
_12001#$aКаталог-справочник мировой коллекции ВИР$vВып. 817
_0rc\4746805
_99347765
_aВсероссийский институт генетических ресурсов растений им. Н. И. Вавилова (Санкт-Петербург)
_cЛенинград
_d1961-
_fВсесоюз. ордена Ленина акад. с.-х. наук им. В.И. Ленина. Всесоюз. науч.-исслед. ин-т растениеводства
_nБ. и.
_oВып. 1-
_tКаталог-справочник мировой коллекции ВИР
_vВып. 817
606 1 _aСоя
_jКаталоги
_xСорта
_xКоллекции
_92204226
_3RU\NLR\AUTH\6601558987
686 1 _aП213.6-36
702 1 _aБойко
_bА. П.
_gАлександр Павлович
_4220
702 1 _aВишнякова
_bМ. А.
_gМаргарита Афанасьевна
_4340
942 _cBOOK
980 _aNBR